000 00627nam a2200241Ia 4500
003 OSt
005 20221005073544.0
006 a|||||r|||| 00| 0
007 ta
008 221004b |||||||| |||| 00| 0 eng d
024 _a97780
037 _cTextual
040 _aCRL
_cCRL
_beng
041 _2eng
_aeng
082 _aW, M9
100 _aKothari Shanti
_9120847
245 0 _aApplied politics
260 _aNew Delhi
_bIndian Institute of Public Administation
_c1989
500 _aDSK Collection
650 _aPOLITICAL SCIENCE
942 _hW, M9
_cTEXL
_2cc
999 _c981309
_d981309